000 00569nam a2200181Ia 4500
003 IN-BaIIA
008 211028s9999 xx 000 0 eng d
020 _a0-12-710702-9
040 _cIIA Library
080 _a535.36
_bVAN-2
100 _aVan De Hulst, H. C
_92316
245 0 _aMultiple light scattering
_btables, formulas and applications; vol. 2
_cH. C. Van De Hulst
260 _aNew York
_bAcademic Press
_c1980
300 _axi, 303-739p.
650 _aLight scattering
_93487
650 _aNASA thesaurus
942 _cBK
999 _c7033
_d7033